| 000 | 00424cam a2200181ua 4500 | ||
|---|---|---|---|
| 020 | _c3.00 | ||
| 041 |
_amal _h |
||
| 082 |
_a894.812308 _bMUS/KA |
||
| 100 | _aMussolini, . | ||
| 245 |
_aKardhina;inte Kamikhi / _cMussolini. _hTextual Documents |
||
| 250 |
_a1 / _b. |
||
| 260 |
_aCalicut : _bP.K Brothers , _c1962. |
||
| 300 | _a298 ; . | ||
| 365 | _a3.00 | ||
| 504 | _a | ||
| 942 | _cBK | ||
| 999 |
_c3644 _d3644 |
||